00325nam a2200133Ia 4500008004100000041000800041082001900049100001900068245001700087250001400104260003600118300003000154365000700184240624s9999 xx 000 0 und d aeng a330.015195 BAL aBALTAGI BADI H aECONOMETRICS a(3rd ed.) c2005aNew DelhibSpringer India axv, : 401 : p. : cm. ; 24 cRS